00953cam a2200265 a 450000500170000000800410001701000140005802000260007202000230009803500130012103700130013404000130014708200150016010000160017524500820019125000110027326000460028427000610033030000300039150000500042165000250047194200290049699900170052595201450054220070514152145.0060424s2006 ii b 001 0 eng  aENG-95840 a9780198063537c445.00 a0198063539c445.00 aEN-79373 bDBAD/PUB aDPLbeng a343.540721 aRamappa, T. aCompetition law in India :bpolicy, issues, and developments /cby T. Ramappa a2nd ed aNew Delhi bOxford University Pressc2009 aYMCA library building, jai Singh RoadbNew Delhie110001 axvi, 398 p. c23 cm.(pbk) aIncludes bibliographical references and index aAntitrust lawzIndia 2ddccENmRAMh343.540721 c33636d33636 00102ddc40718NFICaDBADbDBADd2010-01-16eDBAD/PUBg445.00l0o343.540721 RAMpEN-79373r2010-01-16 00:00:00t1v445.00w2010-01-16yEN